| 000 | 00827nam a2200193 i 4500 | ||
|---|---|---|---|
| 001 | bg | ||
| 245 | 0 | 0 |
_aKomisja Papierów Wartościowych i Giełd - raport roczny 2005 _h[Dokument elektroniczny] : _bpodstawowe informacje o Komisji, raport roczny 2005, integracja z Unią Europejską, poradnik inwestora, regulacje prawne. |
| 260 |
_aWarszawa : _bKPWiG, _c2005. |
||
| 300 |
_a1 dysk optyczny (CD ROM) : _bkolor. ; _c12 cm. |
||
| 500 | _aTyt. z etykiety. | ||
| 500 | _aWymagania systemowe: IBM PC; Windows 9x/NT/2000/XP ; Pentium 200, 64MB RAM, karta graficzna 800x600, czytnik CD-ROM. | ||
| 650 | 9 |
_aGiełda papierów wartościowych _zPolska _ystan na 2005 r. |
|
| 655 | _aDokumenty elektroniczne | ||
| 040 | _cBPK | ||
| 041 | w | _apoleng | |
| 080 | _a336.76(438) | ||
| 942 | _cCD | ||
| 008 | s pl f |000 0 pol | ||
| 999 |
_c24083 _d24083 |
||
| 856 |
_uhttp://koha.tu.koszalin.pl/cgi-bin/koha/opac-detail.pl?biblionumber=24083 _yKatalog online BPK |
||